Модель системы противоаварийной зашиты токамака КТМ; Физико-технические проблемы атомной науки, энергетики и промышленности

Podrobná bibliografie
Parent link:Физико-технические проблемы атомной науки, энергетики и промышленности.— 2014.— [С. 42]
Hlavní autor: Покровский П. П.
Korporativní autor: Национальный исследовательский Томский политехнический университет
Další autoři: Кудрявцев В. А. Владимир Александрович
Shrnutí:Заглавие с титульного экрана
Jazyk:ruština
Vydáno: 2014
Edice:Информационные технологии, автоматизация, системы управления
Témata:
On-line přístup:http://earchive.tpu.ru/handle/11683/73309
Médium: Elektronický zdroj Kapitola
KOHA link:https://koha.lib.tpu.ru/cgi-bin/koha/opac-detail.pl?biblionumber=607433

MARC

LEADER 00000naa2a2200000 4500
001 607433
005 20260224134943.0
035 |a (RuTPU)RU\TPU\conf\4814 
035 |a RU\TPU\conf\4813 
090 |a 607433 
100 |a 20140718d2014 k y0rusy50 ca 
101 0 |a rus 
102 |a RU 
105 |a y z 101zy 
135 |a drgn ---uucaa 
181 0 |a i  
182 0 |a b 
200 1 |a Модель системы противоаварийной зашиты токамака КТМ  |f П. П. Покровский, В. А. Кудрявцев 
203 |a Текст  |c электронный 
225 1 |a Информационные технологии, автоматизация, системы управления 
300 |a Заглавие с титульного экрана 
337 |a Adobe Reader 
463 0 |0 (RuTPU)RU\TPU\conf\4220  |t Физико-технические проблемы атомной науки, энергетики и промышленности  |o сборник тезисов докладов VI Международной научно-практической конференции, г. Томск, 5-7 июня 2014 г.  |f Национальный исследовательский Томский политехнический университет (ТПУ) ; ред. коллегия О. Ю. Долматов ; С. Н. Ливенцов ; Ю. А. Чурсин  |v [С. 42]  |d 2014 
610 1 |a труды учёных ТПУ 
610 1 |a электронный ресурс 
610 1 |a противоаварийная защита 
610 1 |a токамаки КТМ 
610 1 |a альтернативные источники 
610 1 |a моделирование 
610 1 |a системы автоматизации 
700 1 |a Покровский  |b П. П. 
701 1 |a Кудрявцев  |b В. А.  |c специалист в области физических установок  |c ассистент Томского политехнического университета  |f 1878-  |g Владимир Александрович  |3 (RuTPU)RU\TPU\pers\28154 
712 0 2 |a Национальный исследовательский Томский политехнический университет  |c (2009- )  |9 26305 
801 2 |a RU  |b 63413507  |c 20221027  |g RCR 
856 4 |u http://earchive.tpu.ru/handle/11683/73309 
942 |c BK